Statistics for 126 Most Common I Words In English

Click here to take the quiz!

General Stats

  • This quiz has been taken 41 times
  • The average score is 25 of 126

Answer Stats

I% Correct
I
100%
in
95%
is
89%
it
84%
ill
78%
if
70%
into
68%
ice
62%
inside
51%
idea
46%
inner
46%
iron
46%
its
43%
Indian
38%
island
38%
imagine
35%
item
35%
important
32%
ideal
30%
interest
30%
interesting
30%
image
27%
imagination
27%
identify
24%
impossible
24%
inform
24%
insist
24%
intelligence
24%
international
24%
introduce
24%
introduction
24%
invite
24%
issue
24%
illegal
22%
importance
22%
impress
22%
independent
22%
instead
22%
involve
22%
identity
19%
illness
19%
immediate
19%
immediately
19%
imply
19%
impose
19%
indeed
19%
information
19%
injury
19%
invest
19%
ignore
16%
illustrate
16%
increase
16%
independence
16%
index
16%
industry
16%
innocent
16%
instance
16%
instruction
16%
internal
16%
Internet
16%
identification
14%
impression
14%
impressive
14%
improve
14%
incorporate
14%
industrial
14%
intention
14%
interested
14%
interview
14%
investment
14%
involvement
14%
Italian
14%
impact
11%
improvement
11%
incident
11%
include
11%
influence
11%
initial
11%
inspire
11%
instrument
11%
insurance
11%
intellectual
11%
involved
11%
Irish
11%
itself
11%
income
8%
increasing
8%
incredible
8%
indicate
8%
indication
8%
individual
8%
infection
8%
install
8%
intend
8%
intense
8%
investor
8%
implement
5%
implication
5%
increased
5%
ingredient
5%
initially
5%
initiative
5%
inquiry
5%
insight
5%
institution
5%
intensity
5%
interaction
5%
interpret
5%
interpretation
5%
invasion
5%
investigate
5%
investigation
5%
Iraqi
5%
immigrant
3%
immigration
3%
incentive
3%
including
3%
increasingly
3%
infant
3%
inflation
3%
institutional
3%
instructor
3%
intervention
3%
investigator
3%
Islamic
3%
Israeli
3%

Score Distribution

Percentile by Number Answered

Percent of People with Each Score

Your Score History

You have not taken this quiz